Вып. 53; Гидромеханика

Opis bibliograficzny
Parent link:Гидромеханика: республиканский межведомственный сборник научных трудов/ Академия наук Украинской ССР (АН УССР), Институт гидромеханики. Вып. 53.— , 1964-1991
Kolejni autorzy: Олейник А. Я. (редактор)
Język:rosyjski
Wydane: 1986
Hasła przedmiotowe:
Format: Książka
KOHA link:https://koha.lib.tpu.ru/cgi-bin/koha/opac-detail.pl?biblionumber=279122

MARC

LEADER 00000nam2a2200000 4500
001 279122
005 20231101235159.0
035 |a (RuTPU)RU\TPU\book\302400 
035 |a RU\TPU\book\129660 
035 |a RU\TPU\book\292843 
035 |a RU\TPU\book\294692 
090 |a 279122 
100 |a 20140922d1986 k y0rusy5003 ca 
101 0 |a rus 
102 |a UA 
105 |a a z 001zy 
200 0 |a Вып. 53  |f под ред. А. Я. Олейника 
210 |d 1986 
215 |a 88 с.  |c ил. 
320 |a Библиогр. в конце ст. 
461 1 |0 (RuTPU)RU\TPU\book\75276  |t Гидромеханика  |o республиканский межведомственный сборник научных трудов  |f Академия наук Украинской ССР (АН УССР), Институт гидромеханики  |v Вып. 53  |d 1964-1991 
606 1 |a Гидромеханика  |2 stltpush  |3 (RuTPU)RU\TPU\subj\6772  |9 34575 
610 1 |a сборники 
610 1 |a гидродинамика 
610 1 |a волновые процессы 
610 1 |a вязкая жидкость 
610 1 |a движение 
610 1 |a фильтрация 
610 1 |a гидромеханика 
675 |a 532  |v 4 
702 1 |a Олейник  |b А. Я.  |4 340 
801 1 |a RU  |b 63413507  |c 20070801  |g PSBO 
801 2 |a RU  |b 63413507  |c 20180129  |g PSBO 
942 |c BK